000 01017cab a22002295a 4500
001 L137956
008 070509e20070716xxk f 000 0 eng d
035 _a(Sirsi) u137956
041 0 _aeng
100 1 _aMurdoch, Sandi
245 0 2 _aA reasonable definition
260 _c2005
490 _aEstates Gazette
_v(0528) 16 July 2005, 119(1)
520 _aThe Commonhold and Leasehold Reform Act 2002 removed the requirement for a tenant to be resident in order to obtain an extended lease. Considers whether this has affected the definition of a house under the Leasehold Reform Act 1967. Refers to recent case law in order to show that the removal of this test has not affected the definition of a house reasonably so called.
650 2 4 _aHAREFORD LTD V BARNET LBC
650 2 4 _aTANDON V TRUSTEES OF SPURGEONS HOMES
650 2 4 _aCOMMONHOLD AND LEASEHOLD REFORM ACT 2002
650 2 4 _aLEASEHOLD REFORM ACT 1967
651 4 _aEngland and Wales
_y1543-
690 _aResidential property
_96266
942 _n0
999 _c78752
_d78752